Influencia que tuvieron en el derecho público de su patria y singularmente en el derecho penal los filósofos y téologos españoles anteriores a nuestro siglo / (Record no. 155447)
[ view plain ]
| 000 -LEADER | |
|---|---|
| campo de control de longitud fija | 01184nam a22002415i 4500 |
| 001 - NÚMERO DE CONTROL | |
| campo de control | 155447 |
| 003 - IDENTIFICADOR DE NÚMERO DE CONTROL | |
| campo de control | ES-MaACL |
| 005 - FECHA Y HORA DE LA ÚLTIMA TRANSACCIÓN | |
| campo de control | 20251004063203.0 |
| 008 - DATOS DE LONGITUD FIJA--INFORMACIÓN GENERAL | |
| campo de control de longitud fija | 940301s1890 sp |||| | spa d |
| 040 ## - FUENTE DE CATALOGACIÓN | |
| Centro catalogador/agencia de origen | AS |
| Lengua de catalogación | spa |
| 100 1# - ENTRADA PRINCIPAL--NOMBRE DE PERSONA | |
| Nombre de persona | Hinojosa y Naveros, Eduardo de, |
| Fechas asociadas al nombre | 1852-1919 |
| 9 (RLIN) | 125519 |
| 245 10 - MENCIÓN DEL TÍTULO | |
| Título | Influencia que tuvieron en el derecho público de su patria y singularmente en el derecho penal los filósofos y téologos españoles anteriores a nuestro siglo / |
| Mención de responsabilidad, etc. | por Eduardo de Hinojosa. |
| 260 ## - PUBLICACIÓN, DISTRIBUCIÓN, ETC. | |
| Lugar de publicación, distribución, etc. | Madrid : |
| Nombre del editor, distribuidor, etc. | [s.n.], |
| Fecha de publicación, distribución, etc. | 1890 ( |
| Fabricante | Tip. de los Huérfanos) |
| 300 ## - DESCRIPCIÓN FÍSICA | |
| Extensión | 199 p. ; |
| Dimensiones | 25 cm. |
| 500 ## - NOTA GENERAL | |
| Nota general | Memoria premiada por la Real Academia de Ciencias Morales y Políticas en el concurso del año 1889. |
| 530 ## - NOTA DISPONIBLE DE FORMULARIO FÍSICO ADICIONAL | |
| Nota de formato físico adicional disponible | Disponible en formato digital. |
| 650 04 - PUNTO DE ACCESO ADICIONAL DE MATERIA--TÉRMINO DE MATERIA | |
| Término de materia o nombre geográfico como elemento de entrada | Derecho penal- |
| Subdivisión geográfica | España- |
| Subdivisión de forma | Historia. |
| 9 (RLIN) | 11754 |
| 650 #4 - PUNTO DE ACCESO ADICIONAL DE MATERIA--TÉRMINO DE MATERIA | |
| Término de materia o nombre geográfico como elemento de entrada | Derecho internacional- |
| Subdivisión geográfica | España- |
| Subdivisión de forma | Historia. |
| 9 (RLIN) | 157487 |
| 650 #4 - PUNTO DE ACCESO ADICIONAL DE MATERIA--TÉRMINO DE MATERIA | |
| Término de materia o nombre geográfico como elemento de entrada | Cristianismo- |
| Subdivisión general | Influencia. |
| 9 (RLIN) | 155635 |
| 852 ## - LOCALIZACIÓN | |
| Ubicación | ES-MaACL |
| Número de control de estantería | F-M-III-O (VII) |
| Nota libre | - Enc. pasta española |
| -- | - Falto de cub. original |
| -- | - Enc. en un vol. facticio |
| 856 ## - LOCALIZACIÓN Y ACCESO ELECTRÓNICOS | |
| Identificador Uniforme de Recursos | <a href="http://bdh-rd.bne.es/viewer.vm?id=0000064348&page=1 ">http://bdh-rd.bne.es/viewer.vm?id=0000064348&page=1 </a> |
| Nota pública | Biblioteca Digital Hispánica |
| Estatus retirado | Estado de pérdida | Estado de daño | No para préstamo | Colección | Biblioteca de origen | Biblioteca actual | Ubicación en estantería | Fecha de adquisición | Fuente de adquisición | Total de préstamos | Signatura topográfica completa | Código de barras | Visto por última vez | Precio de reemplazo | Tipo de ítem Koha |
|---|---|---|---|---|---|---|---|---|---|---|---|---|---|---|---|
| Colección digital | Biblioteca del Ateneo de Madrid | Biblioteca del Ateneo de Madrid | Administración | 17/01/2008 | F-M-III-O (VII) | 1162603 | 23/02/2023 | 23/02/2023 | Libro impreso antiguo |
